| 000 | 00441nam a2200181Ia 4500 | ||
|---|---|---|---|
| 001 | 24083 | ||
| 005 | 20260414151020.0 | ||
| 008 | 260414t2006||||xx |||||||||||||| ||spa|| | ||
| 041 | _aESP | ||
| 082 |
_a760.0946 _bP85 |
||
| 100 |
_aGónzalez de Amezua, Ramón _eAUT |
||
| 245 | 0 |
_aPremio nacional de artegráfico _b |
|
| 260 | _c2006 | ||
| 300 |
_a142 páginas : _c23 cm. |
||
| 650 | _aABD | ||
| 654 | _aCAU | ||
| 942 |
_cLIB _dJUS _fJUS _2ddc _n |
||
| 999 |
_c24083 _d24083 |
||